Типовая технологическая карта на монтаж воздушного выключателя типа ВВ - 500 (ВВ- 500/2000- 20000)

Dades bibliogràfiques
Autor corporatiu: Государственный производственный комитет по энергетике и электрификации СССР
Altres autors: Шульц О. В. (редактор)
Idioma:rus
Publicat: Москва, Оргэнергострой, 1964
Matèries:
Format: MixedMaterials Llibre
KOHA link:https://koha.lib.tpu.ru/cgi-bin/koha/opac-detail.pl?biblionumber=82108

MARC

LEADER 00000nam0a2200000 4500
001 82108
005 20231101213218.0
035 |a (RuTPU)RU\TPU\book\88238 
035 |a RU\TPU\book\88236 
090 |a 82108 
100 |a 20050927d1964 m y0rusy50 ca 
101 0 |a rus 
102 |a RU 
105 |a a z 000zy 
200 1 |a Типовая технологическая карта на монтаж воздушного выключателя типа ВВ - 500 (ВВ- 500/2000- 20000)  |f Государственный производственный комитет по энергетике и электрификации СССР; под ред. О. В. Шульца 
210 |a Москва  |c Оргэнергострой  |d 1964 
215 |a 72 с.  |c черт. 
610 1 |a воздушные линии электропередачи 
610 1 |a выключатели 
610 1 |a воздушные выключатели 
610 1 |a монтаж 
610 1 |a технологические карты 
675 |a 621.316.5  |v 3 
702 1 |a Шульц  |b О. В.  |4 340 
712 0 2 |a Государственный производственный комитет по энергетике и электрификации СССР  |2 stltpush  |3 (RuTPU)RU\TPU\col\7465  |9 24333 
801 1 |a RU  |b 63413507  |c 20050927  |g PSBO 
801 2 |a RU  |b 63413507  |c 20051213  |g PSBO 
942 |c BK